000 00735nam a2200241Ia 4500
003 OSt
005 20220918204816.0
006 a|||||r|||| 00| 0
007 ta
008 220917b |||||||| |||| 00| 0 eng d
024 _a114,176
037 _cTextual
040 _aARTS
_cARTS
_beng
041 _2eng
_aeng
082 _aV55:41:M13<-L86, H5
100 _aShanahan William O
_9112140
245 0 _aPrussian military reforms 1786-1813
260 _aNA
_bNA
_c1945
490 _aStudies in history economic and public law ed by Faculty of political science of Columbia university; 520
650 _aHISTORY
942 _hV55:41:M13<-L86, H5
_cTEXL
_2CC
999 _c237507
_d237507